000 00299nam a22001337a 4500
008 171202b xxu||||| |||| 00| 0 eng d
020 _a9781576739891
041 _aeng
080 _a32
100 _a18
101 _aSHP
245 _aLIGHT IN THE SHADOW OF JIHAD
_cZACHARIAS, R
942 _2udc
_cBK
999 _c38767
_d38767